[Event "Pinnacle 48th COCC"]
[Site "Toronto CAN"]
[Date "2011.07.09"]
[Round "1"]
[White "Sapozhnikov,R"]
[Black "Kagramanov,Da"]
[Result "1-0"]
[WhiteElo "2295"]
[BlackElo "1862"]

1.e4 c5 2.Nf3 d6 3.d4 cxd4 4.Nxd4 Nf6 5.Nc3 Nc6 6.Bg5 e6 7.Qd2 Be7 8.O-O-O a6
9.f3 Qc7 10.h4 h6 11.Be3 Nd7 12.g4 Nde5 13.Be2 b5 14.f4 Nc4 15.Bxc4 bxc4
16.g5 h5 17.f5 Bf8 18.g6 f6 19.Nxe6 Bxe6 20.fxe6 Qa5 21.Qd5 Qxd5 22.Nxd5 Rb8
23.Rhg1 Rb7 24.b3 cxb3 25.cxb3 Nd8 26.Nf4 Ke7 27.Rd5 Rb4 28.Rgd1 Nxe6 29.Rxd6 Nxf4
30.Bxf4 Rxe4 31.Bg3 Rh6 32.Rxa6 Rxg6 33.Bd6+ Kf7 34.Ra7+ Be7 35.Bxe7 Rxe7
36.Rxe7+ Kxe7 37.a4 Rg4 38.Kb2 Rxh4 39.Ka3 Re4 40.a5 h4 41.b4 h3 42.a6 Rh4
43.a7 Rh8 44.b5 h2 45.Kb2  1-0

[Event "ch-BEL Open"]
[Site "Antwerp BEL"]
[Date "2011.07.10"]
[Round "9.6"]
[White "Roos,Dav"]
[Black "Penson,T"]
[Result "0-1"]
[WhiteElo "1988"]
[BlackElo "2224"]

1.e4 c5 2.Nf3 Nc6 3.d4 cxd4 4.Nxd4 Nf6 5.Nc3 d6 6.Bg5 Qb6 7.Bxf6 gxf6 8.Ndb5 a6
9.Nd5 Qa5+ 10.Nbc3 f5 11.Qh5 fxe4 12.Bc4 Ne5 13.Be2 Be6 14.b4 Qd8 15.O-O Bg7
16.Rad1 Bxd5 17.Nxd5 O-O 18.c4 e6 19.Ne3 f5 20.c5 d5 21.f4 Nc6 22.a3 Nd4  0-1

[Event "Open ch-SVK A"]
[Site "Banska Stiavnica SVK"]
[Date "2011.07.10"]
[Round "2"]
[White "Mazur,Ste"]
[Black "Weglarz,L"]
[Result "1-0"]
[WhiteElo "2386"]
[BlackElo "2215"]

1.e4 c5 2.Nf3 d6 3.d4 cxd4 4.Nxd4 Nf6 5.Nc3 Nc6 6.Bg5 g6 7.Bxf6 exf6 8.g3 Bg7
9.Ndb5 O-O 10.Bg2 Qb6 11.O-O a6 12.Nxd6 Qxb2 13.Nd5 Be6 14.c4 Rab8 15.Qa4 Qd4
16.Rab1 Qa7 17.Rfd1 b5 18.cxb5 axb5 19.Qxa7 Nxa7 20.Bf1 Rfd8 21.Nxb5 Nxb5
22.Rxb5 Kf8 23.Rxb8 Rxb8 24.a4 f5 25.exf5 Bxf5 26.a5 Rb3 27.a6 Ra3 28.Nb4 Bc3
29.Nd5 Be5 30.Ne3 Be6 31.Nc4 Bxc4 32.Bxc4 Ke7 33.Rb1 Bc7 34.Rb7 Kd6 35.Be2 f5
36.Kg2 g5 37.h3 h5 38.a7 g4 39.hxg4 hxg4 40.Bb5 Ra5 41.Kf1 Ra2 42.Ke1 Ba5+
43.Kd1 Bc3  1-0

[Event "ch-NOR"]
[Site "Oslo NOR"]
[Date "2011.07.10"]
[Round "9"]
[White "Gabrielsen,S"]
[Black "Groenn,A"]
[Result "1-0"]
[WhiteElo "2297"]
[BlackElo "2409"]

1.e4 c5 2.Nf3 d6 3.d4 cxd4 4.Nxd4 Nf6 5.Nc3 Nc6 6.Bg5 Bd7 7.Qd2 Nxd4 8.Qxd4 Qa5
9.h4 Rc8 10.f3 a6 11.O-O-O Qc5 12.Qd2 b5 13.Kb1 e6 14.g4 Be7 15.Be3 Qc7 16.h5 h6
17.Ne2 e5 18.Nc3 Be6 19.a3 Nh7 20.Be2 O-O 21.Rhf1 Rfd8 22.Nd5 Bxd5 23.exd5 Bg5
24.Bd3 Bxe3 25.Qxe3 Ng5 26.f4 exf4 27.Qxf4 Re8 28.Rde1 Re5 29.Rxe5 dxe5 30.Qb4 Rd8
31.Rd1 Rd6 32.a4 bxa4 33.Qxa4 Qd8 34.c4 e4 35.Be2 a5 36.Qb3 Qc7 37.Qa3 Qd8
38.Qb3 Qc7 39.Qe3 Qd8 40.Kc1 Kf8 41.Rd2 f6 42.Bd1 Rd7 43.Qa3+ Kf7 44.c5 a4
45.d6 Qa8 46.Qxa4 Ra7 47.Bb3+ Kf8 48.Qc4 Ke8 49.c6  1-0

[Event "Pinnacle 48th COCC"]
[Site "Toronto CAN"]
[Date "2011.07.10"]
[Round "2"]
[White "Reshef,O"]
[Black "Sapozhnikov,R"]
[Result "1/2-1/2"]
[WhiteElo "2145"]
[BlackElo "2295"]

1.e4 c5 2.Nf3 d6 3.d4 cxd4 4.Nxd4 Nf6 5.Nc3 Nc6 6.Bg5 Qa5 7.Bxf6 gxf6 8.Qd2 Nxd4
9.Qxd4 Bd7 10.O-O-O Rc8 11.Kb1 Qc5 12.f4 Qxd4 13.Rxd4 f5 14.Rb4 b6 15.Ba6 Rc5
16.Nb5 Bxb5 17.Bxb5+ Kd8 18.exf5 Rxf5 19.g4 Rc5 20.Bd3 Bg7 21.Ra4 a5 22.a3 e6
23.h4 h6 24.Rf1 Rc7 25.f5 Be5 26.f6 Rg8 27.g5 hxg5 28.Rg4 Rc8 29.hxg5 Kd7
30.Bb5+ Kc7 31.g6 Rxg6 32.Rc4+ Kb8 33.Rxc8+ Kxc8 34.Be8 Rxf6 35.Rxf6 Bxf6
36.Bxf7 Kd7 37.c4 a4 38.Kc2 Bd4 39.b3 axb3+ 40.Kxb3 Ke7 41.Bg8 Kf6 42.Kc2 Kf5
43.Kd3 Bc5 44.a4 e5 45.Bh7+ Kf4 46.Be4  1/2-1/2

[Event "34th Aegean Open"]
[Site "Aghios Kirykos GRE"]
[Date "2011.07.11"]
[Round "4"]
[White "Zervogiannis,A"]
[Black "Lazaridis,S"]
[Result "0-1"]
[WhiteElo "1707"]
[BlackElo "2079"]

1.e4 c5 2.Nf3 Nc6 3.d4 cxd4 4.Nxd4 Nf6 5.Nc3 d6 6.Bg5 e6 7.Be2 Be7 8.Qd2 O-O
9.f4 d5 10.Nxc6 bxc6 11.e5 Nd7 12.Bxe7 Qxe7 13.O-O f6 14.exf6 Nxf6 15.Bf3 Rb8
16.b3 Bd7 17.Na4 Be8 18.Nb2 Bg6 19.Nd3 Be4 20.Kh1 Bxf3 21.Rxf3 Ne4 22.Qe1 Rf6
23.Ne5 Rbf8 24.Nxc6 Qd6 25.Nd4 Rxf4 26.Rxf4 Rxf4 27.Nf3 Qc5  0-1

[Event "St Pauli Open"]
[Site "Hamburg GER"]
[Date "2011.07.11"]
[Round "3.4"]
[White "Petrosian,S"]
[Black "Korba,R"]
[Result "1/2-1/2"]
[WhiteElo "2381"]
[BlackElo "2213"]

1.e4 c5 2.Nf3 d6 3.d4 cxd4 4.Nxd4 Nf6 5.Nc3 Nc6 6.Bg5 e6 7.Qd2 a6 8.O-O-O Bd7
9.f3 Be7 10.h4 h6 11.Be3 h5 12.Be2 Ne5 13.f4 Neg4 14.Bg1 b5 15.Bf3 b4 16.Nce2 e5
17.Nf5 Bxf5 18.exf5 e4 19.Bxg4 b3 20.cxb3 hxg4 21.Kb1 Qd7 22.Bd4 Rd8 23.Bxf6 Bxf6
24.Qd5 O-O 25.Qxe4 d5 26.Qd3 Rfe8 27.Ng3 d4 28.Nh5 Qc6 29.Nxf6+ Qxf6 30.Rhe1 Rxe1
31.Rxe1 Qxh4 32.g3 Qh2 33.a3 Qf2 34.Rf1 Qg2 35.f6 gxf6 36.Rc1 Kg7 37.b4 Rd5
38.Rc5 Qg1+ 39.Kc2 Qf2+ 40.Kb3 Rd6 41.Rc2 Qg1 42.Rd2 Re6 43.Qxd4 Qxg3+ 44.Rd3 Qg2
45.f5 Re4 46.Qd6 Re5 47.Qxa6 Rxf5 48.Ka2 Rf2 49.Rb3 Rf3 50.Qc4 Rxb3 51.Qxb3 Qf3
52.b5 Qxb3+ 53.Kxb3 g3 54.b6 g2 55.b7 g1=Q 56.b8=Q Qe3+ 57.Ka4 f5 58.Qd8  1/2-1/2

[Event "111th ch-SUI"]
[Site "Leukerbad SUI"]
[Date "2011.07.11"]
[Round "5"]
[White "Lampert,J"]
[Black "Nuri,Kam"]
[Result "1/2-1/2"]
[WhiteElo "2164"]
[BlackElo "2321"]

1.e4 c5 2.Nf3 Nc6 3.d4 cxd4 4.Nxd4 Nf6 5.Nc3 d6 6.Bg5 e6 7.Qd2 Be7 8.O-O-O Nxd4
9.Qxd4 O-O 10.f3 a6 11.g4 b5 12.Kb1 Bb7 13.h4 Rc8 14.Be3 Nd7 15.g5 Ne5 16.f4 Nc4
17.Bc1 Qc7 18.b3 Ne5 19.Bb2 b4 20.Qxb4 d5 21.Qd4 Nf3 22.Qxg7+ Kxg7 23.Nxd5+ Kg8
24.Nxc7 Rxc7 25.Bd3 Bb4 26.a3 Bc3 27.Bxc3 Rxc3 28.Kb2 Rfc8 29.h5 e5 30.Bc4 R3xc4
31.bxc4 Bxe4 32.fxe5 Rxc4 33.c3 Nxg5 34.h6 Kf8 35.Rd8+ Ke7 36.Rhd1 Rc7 37.R8d4 Rb7+
38.Rb4 Rxb4+ 39.cxb4 Bf3 40.Rd6 Be2 41.a4 Nf3 42.b5 axb5 43.a5 Nxe5 44.Rd4 Bc4
45.a6 Nc6 46.Rg4 Bd3 47.Kc3 Bf5 48.Rg1 Kd6 49.Ra1 b4+ 50.Kb2 Be6 51.a7 Nxa7
52.Rxa7 Ke5 53.Rb7 b3 54.Rb8 Kf6 55.Rg8 Bf5  1/2-1/2

[Event "XX Adolf Anderssen Memorial Open"]
[Site "Wroclaw POL"]
[Date "2011.07.11"]
[Round "8"]
[White "Kislov,M"]
[Black "Wisniowska,K"]
[Result "0-1"]
[WhiteElo "2330"]
[BlackElo "2037"]

1.e4 c5 2.Nf3 d6 3.d4 cxd4 4.Nxd4 Nf6 5.Nc3 Nc6 6.Bg5 e6 7.Qd2 a6 8.O-O-O Bd7
9.f3 Be7 10.Be3 Qc7 11.Kb1 h5 12.h4 Ne5 13.Bg5 b5 14.f4 Neg4 15.a3 Rb8 16.Rh3 Qc5
17.e5 dxe5 18.fxe5 Nxe5 19.Nb3 Qc8 20.Bxf6 gxf6 21.Ne4 Nc4 22.Bxc4 bxc4 23.Rc3 Bb5
24.Qd4 Qd8 25.Qxd8+ Rxd8 26.Rxd8+ Kxd8 27.Na5 f5 28.Ng5 Bxg5 29.hxg5 Rg8
30.Nxc4 Bxc4 31.Rxc4 Rxg5 32.Rh4 Rxg2 33.Rxh5 f4 34.Rh3 Rg3 35.Rh4 Rg1+ 36.Ka2 e5
37.Kb3 f3 38.Rh2 Rg2 39.Rh1 f2 40.Rf1 e4 41.Kc3 e3 42.Kd3 Rg1 43.Ke2 f5  0-1

[Event "ch-USA Cadet"]
[Site "Crossville USA"]
[Date "2011.07.12"]
[Round "1"]
[White "Mo,Kevin"]
[Black "Shetty,A"]
[Result "0-1"]
[WhiteElo "2095"]
[BlackElo "2116"]

1.e4 c5 2.Nf3 d6 3.d4 cxd4 4.Nxd4 Nf6 5.Nc3 Nc6 6.Bg5 e6 7.Qd2 Be7 8.O-O-O Nxd4
9.Qxd4 a6 10.f4 b5 11.Bxf6 gxf6 12.Bd3 Qc7 13.Qe3 Bb7 14.Kb1 Rg8 15.Qh3 b4
16.Ne2 Rg7 17.f5 e5 18.Ng3 O-O-O 19.Qh6 Rdg8 20.Qd2 a5 21.Qe2 Kb8 22.Bc4 h5
23.Nxh5 Rxg2 24.Qd3 Bxe4 25.Qxe4 R2g4 26.Qd5 Rxc4 27.Ng3 Rxc2 28.Qxf7 Rc8
29.Qb3 Rc4 30.Qe3 Qc6 31.h4 Rxh4  0-1

[Event "Open ch-SVK A"]
[Site "Banska Stiavnica SVK"]
[Date "2011.07.13"]
[Round "5"]
[White "Tobolski,J"]
[Black "Banas,J"]
[Result "0-1"]
[WhiteElo "2082"]
[BlackElo "2320"]

1.e4 c5 2.Nf3 d6 3.d4 cxd4 4.Nxd4 Nf6 5.Nc3 Nc6 6.Bg5 e6 7.Qd2 a6 8.Be2 Bd7
9.f4 h6 10.Bh4 Rc8 11.Nf3 Be7 12.Bxf6 gxf6 13.O-O Qb6+ 14.Kh1 Qxb2 15.Rab1 Qa3
16.Rb3 Qc5 17.Nd1 Nd8 18.Nd4 e5 19.Nf5 Bxf5 20.Rc3 Qd4 21.Rd3 Qxe4 22.fxe5 Qxe5
23.Re3 Be4 24.Bd3 d5 25.c4 f5 26.cxd5 Bd6 27.Rh3 Qxd5 28.Qe2 Ne6 29.Bxe4 fxe4
30.Ne3 Qb5 31.Qf2 Rf8 32.Nf5 Qe5 33.Qb6 Qxf5 34.Rxf5 Rc1+ 35.Qg1 Rxg1+ 36.Kxg1 Ke7
37.Rxh6 e3 38.Rh3 Rc8 39.Rhf3 Rc1+ 40.Rf1 Rxf1+ 41.Rxf1 e2 42.Rb1 Bc5+  0-1

[Event "Nana Aleksandria Cup"]
[Site "Poti GEO"]
[Date "2011.07.13"]
[Round "3"]
[White "Gharagyozian,A"]
[Black "Bagaturov,G"]
[Result "1-0"]
[WhiteElo "2233"]
[BlackElo "2459"]

1.e4 c5 2.Nf3 Nc6 3.d4 cxd4 4.Nxd4 Nf6 5.Nc3 d6 6.Bg5 e6 7.Qd2 a6 8.O-O-O Bd7
9.f4 Qc7 10.Bxf6 gxf6 11.f5 O-O-O 12.Kb1 Kb8 13.Be2 Ne5 14.Rhf1 Be7 15.fxe6 fxe6
16.Nf5 Bc6 17.Nxe7 Qxe7 18.Qh6 Rdf8 19.g3 Rhg8 20.Qe3 Kc7 21.Rd4 Rd8 22.Rfd1 Ng4
23.Qg1 Kc8 24.a3 Qc7 25.Nd5 exd5 26.exd5 Ne5 27.dxc6 Qxc6 28.Qf1 d5 29.Qf5+ Kb8
30.c4 Rg7 31.cxd5 Qd6 32.Rf4 Ng6 33.Rff1 Ka7 34.Qxf6 Qxf6 35.Rxf6  1-0

[Event "3rd International Open"]
[Site "Rethymno GRE"]
[Date "2011.07.13"]
[Round "4"]
[White "Lindholt,M"]
[Black "Ashwin,J"]
[Result "0-1"]
[WhiteElo "2084"]
[BlackElo "2449"]

1.e4 c5 2.Nf3 d6 3.d4 cxd4 4.Nxd4 Nf6 5.Nc3 Nc6 6.Bg5 e6 7.Qd2 a6 8.O-O-O Be7
9.f3 Nxd4 10.Qxd4 b5 11.h4 Bb7 12.Kb1 O-O 13.g4 Rc8 14.Qd2 b4 15.Bxf6 Bxf6
16.Ne2 Qc7 17.Nf4 Rfd8 18.Bd3 d5 19.exd5 Be5 20.Ne2 Bxd5 21.Rh3 Bxa2+ 22.Kxa2 Qa5+
23.Kb1 Bxb2 24.Kxb2 Qa3+ 25.Kb1 b3 26.c3 Rxd3 27.Qxd3 Qa2+ 28.Kc1 b2+ 29.Kd2 b1=Q+
30.Ke1 Qxd3 31.Rxd3 Qb1+ 32.Rd1 Qb6 33.f4 h6 34.Nd4 a5 35.Kd2 a4 36.Rhh1 Qb2+  0-1

[Event "Najdorf Memorial"]
[Site "Warsaw POL"]
[Date "2011.07.13"]
[Round "1"]
[White "Iwanow,A"]
[Black "Czarnota,P"]
[Result "0-1"]
[WhiteElo "2162"]
[BlackElo "2541"]

1.e4 c5 2.Nf3 d6 3.d4 cxd4 4.Nxd4 Nf6 5.Nc3 Nc6 6.Bg5 e6 7.f3 a6 8.Qd2 Be7
9.O-O-O Qc7 10.Kb1 O-O 11.h4 Ne5 12.g4 b5 13.Bxf6 Bxf6 14.g5 Be7 15.f4 b4
16.Na4 Bd7 17.b3 Bxa4 18.fxe5 dxe5 19.Nf3 Bb5 20.Qh2 Rac8 21.Bd3 Bxd3 22.Rxd3 Qc6
23.Qe2 f6 24.gxf6 Bxf6 25.Rhd1 Qb5 26.Ng5 Rc6 27.R1d2 Qc5 28.Qd1 a5 29.Qg4 Bxg5
30.hxg5 Rf1+ 31.Kb2 Qc3+ 32.Rxc3 bxc3+ 33.Ka3 cxd2  0-1

[Event "3rd International Open"]
[Site "Rethymno GRE"]
[Date "2011.07.14"]
[Round "5"]
[White "Zinchenko,Ya"]
[Black "Jankovic,A"]
[Result "1/2-1/2"]
[WhiteElo "2543"]
[BlackElo "2586"]

1.e4 c5 2.Nf3 Nc6 3.d4 cxd4 4.Nxd4 Nf6 5.Nc3 d6 6.Bg5 e6 7.Qd2 a6 8.O-O-O Bd7
9.f4 b5 10.Bxf6 gxf6 11.Kb1 Rc8 12.Nxc6 Bxc6 13.Qe3 h5 14.Bd3 Bh6 15.Rhf1 Bb7
16.Qf3 f5 17.Qe3 Bg7 18.exf5 Qf6 19.Be4 Bxe4 20.Qxe4 O-O 21.fxe6 fxe6 22.Rfe1 Rfe8
23.Qf3 b4 24.Na4 Qf5 25.Qd3 Kf7 26.Qxf5+ exf5 27.Nb6 Rxe1 28.Rxe1 Rc6 29.Nd5 Rc4
30.Kc1 Rd4 31.Rd1 Re4 32.a3 bxa3 33.bxa3 Ke6 34.Nc7+  1/2-1/2

[Event "Najdorf Memorial"]
[Site "Warsaw POL"]
[Date "2011.07.14"]
[Round "2"]
[White "Jarmula,P"]
[Black "Dragun,K"]
[Result "0-1"]
[WhiteElo "2119"]
[BlackElo "2428"]

1.e4 c5 2.Nf3 Nc6 3.d4 cxd4 4.Nxd4 Nf6 5.Nc3 d6 6.Bg5 e6 7.Qd2 Be7 8.O-O-O Nxd4
9.Qxd4 O-O 10.f4 Qa5 11.Bc4 a6 12.e5 dxe5 13.fxe5 Nd5 14.Bd2 Nxc3 15.Bxc3 Qa4
16.Kb1 Qc6 17.Bd3 Rb8 18.Be4 Qc5 19.Qd3 h6 20.Bd4 Qc7 21.Qe3 b6 22.Rd3 Bc5
23.Rhd1 Bxd4 24.Qxd4 Bb7 25.Bxb7 Qxb7 26.Rg3 Qc7 27.Re1 Rbd8 28.Qg4 g6 29.Qf4 Rd5
30.Qxh6 Rfd8 31.c3 Qd7 32.Qc1 Rd2 33.a3 Qa4 34.Ka2 Qc4+ 35.Ka1 Qa4 36.Ka2 Rd1
37.Rxd1 Rxd1 38.b3 Qd7 39.Qe3 a5 40.Rg4 Qd5 41.c4 Qd7 42.Kb2 Rd3 43.Qe4 Kg7
44.Rf4 Rd2+ 45.Kc3 Ra2 46.Qd4 Qe7 47.Qd6 Qg5 48.g3 Rxh2 49.Qd3 Ra2 50.Qe3 Kg8
51.a4 Qh5 52.Rf1 Qh2 53.Kd4 Rd2+ 54.Kc3 Rg2 55.Rf3 Qh1 56.c5 Qd1 57.Qd3 Qc1+  0-1

[Event "SPA Open A"]
[Site "Amsterdam NED"]
[Date "2011.07.15"]
[Round "7"]
[White "Van Eekhout,D"]
[Black "Brookes,C"]
[Result "1-0"]
[WhiteElo "2173"]
[BlackElo "2056"]

1.e4 c5 2.Nf3 d6 3.d4 cxd4 4.Nxd4 Nf6 5.Nc3 Nc6 6.Bg5 e6 7.Qd2 Be7 8.O-O-O O-O
9.f3 a6 10.h4 Nxd4 11.Qxd4 b5 12.Qd2 Bb7 13.Kb1 Qc7 14.g4 b4 15.Ne2 Rac8
16.Nd4 Rfd8 17.Bd3 g6 18.h5 Qd7 19.Qh2 Nxg4 20.fxg4 Bxg5 21.hxg6 fxg6 22.Nxe6 Qxe6
23.Qxh7+ Kf8 24.Rhf1+ Ke8 25.Qxb7 Bf6 26.Bxa6 Rb8 27.Qc6+ Ke7 28.g5 Be5 29.Bc4 Rdc8
30.Bxe6 Rxc6 31.Bd5 Rc5 32.Rf7+ Ke8 33.Rdf1 Rbc8 34.Rf8+ Ke7 35.R1f7+  1-0

[Event "III Corporation Cup A"]
[Site "Izhevsk RUS"]
[Date "2011.07.15"]
[Round "1"]
[White "Harutjunyan,G"]
[Black "Kamiljanov,T"]
[Result "1-0"]
[WhiteElo "2464"]
[BlackElo "2180"]

1.e4 c5 2.Nc3 d6 3.Nf3 Nc6 4.d4 cxd4 5.Nxd4 Nf6 6.Bg5 e6 7.Bb5 Bd7 8.Bxc6 bxc6
9.Qf3 Rb8 10.O-O-O c5 11.Nb3 Qb6 12.Bxf6 gxf6 13.Qxf6 Rg8 14.Nd5 exd5 15.exd5 Be7
16.Rhe1 Be6 17.Qf3 Bg4 18.Qe4 Rb7 19.f3 Bc8 20.Qxh7 Rf8 21.Qg7 f6 22.Re4 Rf7
23.Qg8+ Rf8 24.Qg6+ Rf7 25.Rh4 Bf8 26.Re1+ Re7 27.Rxe7+  1-0

[Event "Oberwart Open"]
[Site "Oberwart AUT"]
[Date "2011.07.15"]
[Round "7"]
[White "Rieger,R"]
[Black "Pergel,L"]
[Result "1/2-1/2"]
[WhiteElo "2150"]
[BlackElo "2258"]

1.e4 c5 2.Nf3 Nc6 3.d4 cxd4 4.Nxd4 Nf6 5.Nc3 d6 6.Bg5 e6 7.Qd2 Be7 8.O-O-O O-O
9.f4 h6 10.h4 a6 11.Nxc6 bxc6 12.Bxf6 Bxf6 13.g4 Qa5 14.g5 Bxc3 15.Qxc3 Qxc3
16.bxc3 d5 17.c4 Rd8 18.Bg2 Bb7  1/2-1/2

[Event "Najdorf Memorial"]
[Site "Warsaw POL"]
[Date "2011.07.15"]
[Round "3"]
[White "Deszczynski,A"]
[Black "Czarnota,P"]
[Result "1/2-1/2"]
[WhiteElo "2374"]
[BlackElo "2541"]

1.e4 c5 2.Nf3 d6 3.d4 cxd4 4.Nxd4 Nf6 5.Nc3 Nc6 6.Bg5 e6 7.Qd2 a6 8.O-O-O Bd7
9.f3 Be7 10.Be3 b5 11.g4 h6 12.Kb1 Ne5 13.a3 Rb8 14.Be2 b4 15.axb4 Rxb4 16.Nd5 Nxd5
17.exd5 Qb8 18.c3 Nc4 19.Bxc4 Rxc4 20.dxe6 Bxe6 21.Qd3 Ra4 22.Nxe6 fxe6 23.Qg6+ Kd7
24.Rd4 Rxd4 25.Bxd4 Rf8 26.Bxg7 Rxf3 27.Bxh6 Rf2 28.Bc1 a5 29.Re1 Qb3 30.Qe4 Rxh2
31.c4 e5  1/2-1/2

[Event "III Corporation Cup A"]
[Site "Izhevsk RUS"]
[Date "2011.07.16"]
[Round "2"]
[White "Khruschiov,A"]
[Black "Khismatullin,D"]
[Result "0-1"]
[WhiteElo "2409"]
[BlackElo "2656"]

1.e4 c5 2.Nf3 d6 3.d4 cxd4 4.Nxd4 Nf6 5.Nc3 Nc6 6.Bg5 e6 7.Qd2 a6 8.O-O-O Bd7
9.f3 Be7 10.Kb1 Qc7 11.Be3 h5 12.g3 Na5 13.h3 b5 14.Qg2 b4 15.Nce2 Nc4 16.Bc1 Rc8
17.g4 e5 18.g5 Nh7 19.f4 g6 20.f5 O-O 21.Ka1 exd4 22.Nf4 Ne3 23.Bxe3 dxe3
24.Nd5 Qd8 25.f6 Nxf6 26.gxf6 Bxf6 27.Bxa6 Rc5 28.Nxe3 Be6 29.Nd5 Bxd5 30.Rxd5 Rxd5
31.exd5 Qb6 32.Qe2 Qd4 33.Rb1 Kg7 34.Bb7 Be5 35.Bc6 f5 36.Qf3 Rf7 37.Qb3 f4
38.Rf1 f3 39.Kb1 f2 40.Bb5 Bf6 41.Bd3 Re7 42.a4 bxa3 43.Qxa3 Rb7  0-1

[Event "III Corporation Cup A"]
[Site "Izhevsk RUS"]
[Date "2011.07.16"]
[Round "2"]
[White "Klepikov,N"]
[Black "Lepkasov,V"]
[Result "0-1"]
[WhiteElo "1985"]
[BlackElo "2173"]

1.e4 c5 2.Nf3 d6 3.d4 cxd4 4.Nxd4 Nf6 5.Nc3 Nc6 6.Bg5 e6 7.Qd2 a6 8.O-O-O Bd7
9.f4 Qa5 10.Kb1 Be7 11.Be2 Rc8 12.Rhe1 Nxd4 13.Qxd4 e5 14.Qd2 Be6 15.Bxf6 gxf6
16.f5 Bc4 17.Bxc4 Rxc4 18.Nd5 Qxd2 19.Rxd2 h5 20.b3 Rc6 21.Re3 Rg8 22.c4 Bd8
23.Ree2 a5 24.Rc2 h4 25.Kb2 Kf8 26.Ka3 Rg4 27.Ka4 Kg7 28.a3 Ra6 29.Kb5 Kf8
30.c5 dxc5 31.Rxc5 Rd6 32.Kc4 Ke8 33.Kd3 Rc6 34.Rcc2 Be7 35.a4 Kd7 36.Ke3 Bd8
37.Red2 Kc8 38.Kf3 Rg8 39.Rc3 Rxc3+ 40.Nxc3 Kc7 41.Nb5+ Kb6 42.Nd6 Be7 43.Nc4+ Kc7
44.Nxa5 Bb4 45.Rc2+ Kb8 46.Nc4 Rd8 47.Re2 Rd3+ 48.Re3 Rd7 49.Kg4 Bc5 50.Re2 Bg1
51.h3 Rd3 52.Kxh4 Rxb3 53.a5 Kc7 54.Kh5 Rc3 55.Nb6 Bxb6 56.axb6+ Kxb6 57.g4 Rxh3+  0-1

[Event "3rd Artemis Cup"]
[Site "Leros GRE"]
[Date "2011.07.16"]
[Round "6.9"]
[White "Sahl,S"]
[Black "Estremera Panos,S"]
[Result "1/2-1/2"]
[WhiteElo "2190"]
[BlackElo "2364"]

1.e4 c5 2.Nf3 d6 3.d4 cxd4 4.Nxd4 Nf6 5.Nc3 Nc6 6.Bg5 e6 7.Qd2 Be7 8.f4 h6
9.Bxf6 Bxf6 10.Ndb5 O-O 11.Nxd6 Bxc3 12.bxc3 e5 13.f5 Qf6 14.Rd1 Rd8 15.a3 Kf8
16.Bc4 Na5 17.Bxf7 Rxd6 18.Qxd6+ Qxd6 19.Rxd6 Kxf7 20.Kf2 Nc4 21.Rd8 Na5
22.Rhd1 Nc6 23.Rh8 Ke7 24.Rg8 Kf7 25.Rh8 Ke7 26.Rg8 Kf7 27.Rh8  1/2-1/2

[Event "Najdorf Memorial"]
[Site "Warsaw POL"]
[Date "2011.07.16"]
[Round "3.21"]
[White "Szczepkowska Horowska,K"]
[Black "Malec,S"]
[Result "1-0"]
[WhiteElo "2339"]
[BlackElo "2159"]

1.e4 c5 2.Nf3 Nc6 3.d4 cxd4 4.Nxd4 Nf6 5.Nc3 d6 6.Bg5 Qb6 7.Nb3 e6 8.Qd2 a6
9.Be2 Bd7 10.O-O Ne5 11.Kh1 Nfg4 12.f4 Ne3 13.fxe5 Nxf1 14.Rxf1 h6 15.Bh4 g5
16.Bg3 Bg7 17.exd6 O-O 18.e5 f6 19.exf6 Rxf6 20.Rxf6 Bxf6 21.Qd3 Bg7 22.Qe4 Rf8
23.Bd3 Rf7 24.h3 g4 25.hxg4 Qa7 26.Kh2 b5 27.a3 Qb6 28.Nd1 a5 29.Qa8+ Bf8
30.Qxa5 Qc6 31.Qc7 Qa8 32.Qc5 Rg7 33.Ne3 Rg5 34.Qb4 e5 35.Nc5 Bxd6 36.Qb3+ Kh8
37.Nxd7 Qa7 38.Qe6  1-0

[Event "Open ch-SVK A"]
[Site "Banska Stiavnica SVK"]
[Date "2011.07.17"]
[Round "9"]
[White "Petenyi,T"]
[Black "Kolesar,Mil"]
[Result "1-0"]
[WhiteElo "2398"]
[BlackElo "2143"]

1.e4 c5 2.Nf3 d6 3.d4 cxd4 4.Nxd4 Nf6 5.Nc3 Nc6 6.Bg5 e6 7.Qd2 a6 8.O-O-O Bd7
9.f3 Be7 10.Kb1 Qc7 11.Be3 h5 12.h3 Ne5 13.f4 Nc4 14.Bxc4 Qxc4 15.e5 Nd5
16.Nxd5 Qxd5 17.Qf2 Qe4 18.exd6 Bxd6 19.Rhe1 O-O 20.Nb3 Qc6 21.Qd2 Rfc8 22.Qxd6 Qxc2+
23.Ka1 Bc6 24.Rd2 Qg6 25.Nd4 Bd5 26.f5 Qf6 27.fxe6 fxe6 28.Rf2 Qg6 29.Nf5 Kh7
30.Ne7 Qd3 31.Nxc8 Qc4 32.Qa3  1-0

[Event "Open ch-SVK A"]
[Site "Banska Stiavnica SVK"]
[Date "2011.07.17"]
[Round "9"]
[White "Sosovicka,J"]
[Black "Danes,J"]
[Result "1-0"]
[WhiteElo "2175"]
[BlackElo "2293"]

1.e4 c5 2.Nf3 Nc6 3.d4 cxd4 4.Nxd4 Nf6 5.Nc3 d6 6.Bg5 e6 7.Qd2 a6 8.O-O-O Bd7
9.f3 Qa5 10.Be3 Nxd4 11.Bxd4 h5 12.g3 Bc6 13.Kb1 Qc7 14.Bd3 b5 15.Be3 Qb7
16.Rhe1 Be7 17.Ne2 e5 18.Bg5 O-O-O 19.Bxf6 Bxf6 20.Nc3 g6 21.Bf1 Bg7 22.Nd5 h4
23.g4 Bxd5 24.Qxd5 h3 25.a4 Bh6 26.axb5 axb5 27.Bxb5 Qxd5 28.Rxd5 Bf4 29.Re2 f5
30.exf5 gxf5 31.Bd3 e4 32.Ba6+ Kc7 33.Rxf5 exf3 34.Re7+ Kb6 35.Rxf4 Kxa6
36.Rxf3 Rdf8 37.Ree3  1-0

[Event "10th Bergamo Open"]
[Site "Bergamo ITA"]
[Date "2011.07.17"]
[Round "5.3"]
[White "Solodovnichenko,Y"]
[Black "Aranovitch,E"]
[Result "1-0"]
[WhiteElo "2615"]
[BlackElo "2328"]

1.e4 c5 2.Nf3 d6 3.d4 cxd4 4.Nxd4 Nf6 5.Nc3 Nc6 6.Bg5 e6 7.Qd2 Be7 8.O-O-O Nxd4
9.Qxd4 O-O 10.f3 a6 11.h4 b5 12.Kb1 Bb7 13.Qd2 Qc7 14.Ne2 Rfc8 15.Nd4 Qd8
16.Bd3 Nd7 17.Qe3 Ne5 18.Bxe7 Qxe7 19.h5 d5 20.exd5 Nxd3 21.Rxd3 Bxd5 22.h6 g6
23.b3 Qf6 24.g4 Rcb8 25.g5 Qh8 26.Rhd1 a5 27.a3 a4 28.b4 Bc4 29.R3d2 Re8
30.Nc6 Bd5 31.Ne5 f6 32.Nd7 fxg5 33.Qxg5 Qc3 34.Rd3  1-0

[Event "Oberwart Open"]
[Site "Oberwart AUT"]
[Date "2011.07.17"]
[Round "9"]
[White "Radnetter,G"]
[Black "Danner,G"]
[Result "0-1"]
[WhiteElo "2257"]
[BlackElo "2401"]

1.e4 c5 2.Nf3 d6 3.d4 Nf6 4.Nc3 cxd4 5.Nxd4 Nc6 6.Bg5 e6 7.Qd2 Qb6 8.O-O-O Qxd4
9.Qxd4 Nxd4 10.Rxd4 a6 11.Be2 Bd7 12.f4 Be7 13.Bf3 Bc6 14.Re1 Rc8 15.e5 dxe5
16.fxe5 Bxf3 17.gxf3 Nd5 18.Bxe7 Nxe7 19.Ne4 Nf5 20.Nd6+ Nxd6 21.exd6 Rc6
22.Rb4 b6 23.Rd1 Kd7 24.a4 Rb8 25.Rg4 g6 26.Rf4 Rf8 27.Rb4 g5 28.Kb1 Rb8
29.h4 h6 30.hxg5 hxg5 31.Rg4 f6 32.f4 Rc4 33.Rh1 Kxd6 34.Rg3 gxf4 35.Rd3+ Ke5
36.b3 Rd4 37.Re1+ Re4 38.Red1 f5 39.Rd6 f3 40.a5 bxa5 41.Rxa6 a4 42.Kb2 axb3
43.cxb3 Re2+ 44.Ka3 Re3  0-1

[Event "4th d'Ille-et-Vilain Open"]
[Site "Rennes FRA"]
[Date "2011.07.17"]
[Round "2.1"]
[White "Barbot,Pi1"]
[Black "Inkiov,V"]
[Result "1-0"]
[WhiteElo "2232"]
[BlackElo "2476"]

1.e4 c5 2.Nf3 d6 3.d4 cxd4 4.Nxd4 Nf6 5.Nc3 Nc6 6.Bg5 e6 7.Qd2 Be7 8.O-O-O Nxd4
9.Qxd4 O-O 10.f4 Qa5 11.Bc4 Bd7 12.e5 dxe5 13.fxe5 Bc6 14.Bd2 Nd7 15.Nd5 Qd8
16.Nxe7+ Qxe7 17.Rhe1 Rfc8 18.Bf1 Qc5 19.Bb4 Qxd4 20.Rxd4 a5 21.Bd6 b5 22.Re3 Nb6
23.Rh3 Nc4 24.Bxc4 bxc4 25.Rg3 Bd5 26.Rdg4 g6 27.Be7 Ra7 28.Bf6 Kf8 29.Rd4 Rb7
30.Rh3 h5 31.g4 Ke8 32.gxh5 gxh5 33.Rxh5 Kd7 34.Rh7 Kc6 35.Rg4 Rcb8 36.b3 Kc5
37.Rhh4 a4 38.Rxc4+ Bxc4 39.Rxc4+ Kd5 40.Rxa4 Rg8 41.Rc4 Rg2 42.h4 Rh2 43.Kb2 Ra7
44.a4 Rh1 45.Rc8 Kd4 46.Ka3 Rb7 47.a5 Kd5 48.Kb2 Rh2 49.Ka3 Rh1 50.c3 Ke4
51.b4 Kd3 52.Kb2 Ra7 53.Rc6 Ra8 54.a6 Rg8 55.Bg5 Ke4 56.Rc5 Rh2+ 57.Kb3 Rh1
58.b5 Ra1 59.Bf6 Rgg1 60.Rc7 Kd5 61.c4+ Kd4 62.Rd7+ Ke4 63.Kb4 Rgb1+ 64.Kc5 Ra4
65.a7 Rbb4 66.b6 Rxc4+ 67.Kd6 Ra6 68.Rb7 Rb4 69.Ke7 Kd5 70.Rb8 Rba4 71.Kxf7 Kc6
72.h5  1-0

[Event "3rd International Open"]
[Site "Rethymno GRE"]
[Date "2011.07.17"]
[Round "8"]
[White "Xylogiannopoulos,A"]
[Black "Tsilidis,A"]
[Result "1/2-1/2"]
[WhiteElo "2104"]
[BlackElo "2278"]

1.e4 c5 2.Nf3 d6 3.d4 cxd4 4.Nxd4 Nf6 5.Nc3 Nc6 6.Bg5 e6 7.Qd2 Be7 8.O-O-O Nxd4
9.Qxd4 a6 10.f4 b5 11.Bxf6 gxf6 12.f5 Qc7 13.Be2 h5 14.Rd3 h4 15.Rh3 Qc5
16.Qxc5 dxc5 17.Bg4 b4 18.Nd1 Bb7 19.Re1 O-O-O 20.fxe6 fxe6 21.Bxe6+ Kb8
22.Rd3 Bd6 23.g3 Rhe8 24.Bf5 c4 25.Rf3 hxg3 26.hxg3 Bc5 27.Nf2 Rd4 28.Ng4 Red8
29.Nxf6 Be7 30.Nd5 Bxd5 31.exd5 R4xd5 32.Rff1 Bg5+ 33.Kb1 Bd2 34.Rd1 c3 35.b3 a5
36.Bd3 Rc8 37.Bc4 Rg5 38.g4 Re8 39.Rf5 Rxg4 40.Rxa5 Rge4 41.Rf5 Re1  1/2-1/2

[Event "20th ch-MKD Open"]
[Site "Struga MKD"]
[Date "2011.07.18"]
[Round "3"]
[White "Stojanovski,D"]
[Black "Gochev,M"]
[Result "1/2-1/2"]
[WhiteElo "2427"]
[BlackElo "2292"]

1.e4 c5 2.Nf3 Nc6 3.d4 cxd4 4.Nxd4 Nf6 5.Nc3 d6 6.Bg5 Bd7 7.Qd2 h6 8.Bxf6 gxf6
9.O-O-O Nxd4 10.Qxd4 Qa5 11.f4 Rg8 12.Kb1 f5 13.e5  1/2-1/2

[Event "34th Taminco Open"]
[Site "Ghent BEL"]
[Date "2011.07.19"]
[Round "7.20"]
[White "Rademakers,M"]
[Black "Mazajchik,T"]
[Result "1/2-1/2"]
[WhiteElo "2054"]
[BlackElo "2206"]

1.e4 c5 2.Nf3 Nc6 3.d4 cxd4 4.Nxd4 Nf6 5.Nc3 d6 6.Bg5 e6 7.Bc4 a6 8.a4 Bd7
9.O-O Rc8 10.Nxc6 Bxc6 11.Qe2 Be7 12.Rad1 Qc7 13.Bb3 O-O 14.f4 h6 15.Bh4 Rfd8
16.Bg3 b5 17.e5 Nd5 18.Nxd5 Bxd5 19.Bxd5 exd5 20.e6 Qxc2 21.exf7+ Kf8 22.Qe6 Qc4
23.Qxd5 Qxd5 24.Rxd5 Rc5 25.Rfd1 bxa4 26.R5d4 d5 27.Rxa4 a5  1/2-1/2